Boj proti organizovanému zločinu v rámci EÚ bakalárska práca

Gespeichert in:
Bibliographische Detailangaben
1. Verfasser: Pindrochová, Natália
Körperschaft: Fakulta medzinárodných vzťahov EU. Katedra medzinárodných ekonomických vzťahov a hospodárskej diplomacie
Weitere Verfasser: Štefančíková, Michaela
Format: Buch
Sprache:Slowakisch
Veröffentlicht: Bratislava 2010
Tags: Tag hinzufügen
Keine Tags, Fügen Sie das erste Tag hinzu!

MARC

LEADER 00000nam$a2200000$$$4500
001 0137014
005 20240320074018.5
041 0 |a slo 
044 |a SK 
245 1 0 |a Boj proti organizovanému zločinu v rámci EÚ  |b bakalárska práca  |c Natália Pindrochová ; školiteľ: Michaela Štefančíková 
264 1 |a Bratislava  |c 2010 
300 |a 51 s. 
100 1 |a Pindrochová, Natália 
700 1 |a Štefančíková, Michaela 
710 2 |a Fakulta medzinárodných vzťahov EU. Katedra medzinárodných ekonomických vzťahov a hospodárskej diplomacie